Manual of Textile Technology Practical Guide to the Blowroom and Carding (Record no. 5181)

MARC details
000 -LEADER
fixed length control field 00365nam a2200133Ia 4500
008 - FIXED-LENGTH DATA ELEMENTS--GENERAL INFORMATION
fixed length control field 191201s2000 xx 000 0 und d
100 ## - MAIN ENTRY--PERSONAL NAME
Personal name KLEIN, Werner
245 #0 - TITLE STATEMENT
Title Manual of Textile Technology Practical Guide to the Blowroom and Carding
250 ## - EDITION STATEMENT
Edition statement 2nd
260 ## - PUBLICATION, DISTRIBUTION, ETC. (IMPRINT)
Place of publication, distribution, etc N. Delhi
Name of publisher, distributor, etc Textile Institute
Date of publication, distribution, etc 2000
300 ## - PHYSICAL DESCRIPTION
Extent 63
650 ## - SUBJECT ADDED ENTRY--TOPICAL TERM
Topical term or geographic name as entry element B.Tech(TE)
942 ## - ADDED ENTRY ELEMENTS (KOHA)
Source of classification or shelving scheme Dewey Decimal Classification
Koha item type Text Books
Holdings
Withdrawn status Lost status Source of classification or shelving scheme Damaged status Not for loan Collection code Home library Current library Date acquired Source of acquisition Cost, normal purchase price Serial Enumeration / chronologySerial Enumeration / Volume No. Bill Number Total Checkouts Acc. no. / Barcode Date last seen Bill Date Koha item type Date last borrowed
    Dewey Decimal Classification     B.Tech(TE) PIET C-LIBRARY PIET C-LIBRARY 01/03/2012 Indian International Text Book 1684.00 II 1216   19044 04/12/2019 01/03/2012 Text Books  
    Dewey Decimal Classification     B.Tech(TE) PIET C-LIBRARY PIET C-LIBRARY 01/03/2012 Indian International Text Book 1684.00 II 1216 1 19045 21/01/2023 01/03/2012 Text Books 09/01/2023

Design & Developed by: PIET Central Library
R70 Miles Stone Pattikalyana Samalkha Panipat 132102
mail ID :- [email protected], Phone No:- 0180-2569700 Ex.216